000 00873nam a22002297a 4500
003 OSt
005 20210201112834.0
008 210201s1968 pe ||||fr|||| 001 0 spa d
040 _aCENDOC CAAAP
_bspa
_cCAAAP
050 _aC HB 2576.L
_b.S56
111 1 _9392
_aSimposio sobre Migración Interna y Estratificación Social
_d1967
245 1 _aAlgunos aspectos de estratificación, movilidad social y migración en Lima e Iquitos /
_cSimposio sobre Migración Interna y Estratificación Social
250 _a1ra ed.
260 _aLima :
_bCentro de investigaciones sociales por muestreo servicio del empleo y recursos humanos ,
_c1968
300 _a54 p.,
_c28 cm
650 1 0 _9393
_aEstratificación Social
650 2 0 _9394
_aMigración Interna
650 2 0 _9395
_aMovilidad Social
651 1 0 _9396
_aIquitos
_zLoreto
_zPerú
651 0 _9397
_aLima
_zPerú
942 _2lcc
_cBK
999 _c162
_d162